Evaluación mediante el modelo del HDM-IV, del impacto del Índice de Regularidad Internacional (IRI) en costos de operación vehícular en Costa Rica
Shranjeno v:
| Glavni avtor: | |
|---|---|
| Format: | Knjiga |
| Jezik: | Spanish |
| Izdano: |
[San José], Costa Rica
2012
|
| Teme: | |
| Oznake: |
Označite
Brez oznak, prvi označite!
|
MARC
| LEADER | 00000nam a22000007a 4500 | ||
|---|---|---|---|
| 003 | 010687 | ||
| 005 | 20221231143931.0 | ||
| 008 | 151105b2012 cr a|||| |||| 00| 0 spa d | ||
| 040 | |c cru CEDI | ||
| 090 | |a TFG 6515 | ||
| 100 | |a Jiménez Jiménez, Juan Carlos |9 2143 | ||
| 245 | |a Evaluación mediante el modelo del HDM-IV, del impacto del Índice de Regularidad Internacional (IRI) en costos de operación vehícular en Costa Rica | ||
| 260 | |a [San José], Costa Rica |c 2012 | ||
| 500 | |a Proyecto de graduación (licenciatura en ingeniería civil)--Universidad de Costa Rica. Facultad de Ingeniería. Escuela de Ingeniería Civil | ||
| 650 | |x CARRETERAS |x TRANSPORTE - MANTENIMIENTO Y REPARACION |x COSTOS |x EVALUACION |x COSTA RICA |x VEHICULOS |9 2144 | ||
| 942 | |c TFG | ||
| 999 | |c 14435 |d 14435 | ||
